LEADER 01073nam 2200373li 450 001 990000744280203316 010 $a3-540-19916-0 035 $a0074428 035 $aUSA010074428 035 $a(ALEPH)000074428USA01 035 $a0074428 100 $a20001109d1981995-km-y0itay0103----ba 101 0 $aeng 102 $aUS 200 1 $aNonlinear control systems$fAlberto Isidori 205 $a3. ed 210 $aNew York$cSpringer$dc1995 215 $aXV, 549 p$d24 cm 225 2 $aCommunications and control engineering series 410 $12001$aCommunications and control engineering series 606 0 $aGeometria differenziale 606 0 $aSistemi di controllo retroazionati 606 0 $aTeorie nonlineari 676 $a629.836 700 1$aISIDORI,$bAlberto 801 $aIT$csalbc$gISBD 912 $a990000744280203316 951 $a629.83 ISI$b11018 ING$c629.83 959 $aBK 969 $aTEC 979 $aPATTY$b90$c20011115$lUSA01$h1030 979 $c20020403$lUSA01$h1722 979 $aPATRY$b90$c20040406$lUSA01$h1651 997 $aUNISA LEADER 00836cam0 2200265 450 001 E600200066852 005 20210907075352.0 100 $a20101001d1970 |||||ita|0103 ba 101 $afre 102 $aFR 200 1 $aBarrès$fPierre Moreau 210 $a[Paris]$cDesclée de Brouwer$dc1970 215 $a138 p.$d17 cm 225 2 $aLes écrivains devant Dieu 410 1$1001LAEC00028819$12001 $a*Les écrivains devant Dieu 700 1$aMoreau$b, Pierre$3A600200053166$4070$0386550 801 0$aIT$bUNISOB$c20210907$gRICA 850 $aUNISOB 852 $aUNISOB$j840$m15295 912 $aE600200066852 940 $aM 102 Monografia moderna SBN 941 $aM 957 $a840$b000437$gSi$d15295$rAcquisto$1vittorini$2UNISOB$3UNISOB$420101001125850.0$520150928110521.0$6Alfano 996 $aBarrès$91703347 997 $aUNISOB